| 000 | 00608nam a2200205Ia 4500 | ||
|---|---|---|---|
| 003 | IN-BaIIA | ||
| 008 | 211028s9999 xx 000 0 eng d | ||
| 020 | _a978-0-8018-9302-5 | ||
| 040 | _cIIA Library | ||
| 080 |
_a537.6:524.8 _bZIR |
||
| 100 |
_aZirker, J. B _920132 |
||
| 245 | 4 |
_aThe Magnetic universe _bthe elusive traces of an invisible force _cJ. B. Zirker |
|
| 260 |
_aBaltimore _bThe Johns Hopkins University Press _c2009 |
||
| 300 | _aix, 296p. | ||
| 650 |
_aCosmic magnetic field _935167 |
||
| 650 |
_aMagnetic fields _9530 |
||
| 650 |
_aMagnetism _956 |
||
| 650 | _aThe universe | ||
| 942 | _cBK | ||
| 999 |
_c18348 _d18348 |
||